Dual Diagnosis: practice in context (Record no. 5458)
[ view plain ]
| 000 -LEADER | |
|---|---|
| fixed length control field | 00576nam a22002057a 4500 |
| 003 - CONTROL NUMBER IDENTIFIER | |
| control field | OSt |
| 005 - DATE AND TIME OF LATEST TRANSACTION | |
| control field | 20170117181603.0 |
| 008 - FIXED-LENGTH DATA ELEMENTS--GENERAL INFORMATION | |
| fixed length control field | 170117b xxu||||| |||| 00| 0 eng d |
| 020 ## - INTERNATIONAL STANDARD BOOK NUMBER | |
| International Standard Book Number | 9781405180092 |
| 040 ## - CATALOGING SOURCE | |
| Transcribing agency | DMLN |
| 082 ## - DEWEY DECIMAL CLASSIFICATION NUMBER | |
| Classification number | MW270 D85p 2010 |
| 100 ## - MAIN ENTRY--PERSONAL NAME | |
| Personal name | Edited by Philips,Peter; Mckeown, Olive; Sandford, Tom |
| 9 (RLIN) | 11404 |
| 245 ## - TITLE STATEMENT | |
| Title | Dual Diagnosis: practice in context |
| 260 ## - PUBLICATION, DISTRIBUTION, ETC. (IMPRINT) | |
| Place of publication, distribution, etc. | UK; Blackwell, 2010 |
| 300 ## - PHYSICAL DESCRIPTION | |
| Extent | xxi,266p; ill: 24cm |
| 504 ## - BIBLIOGRAPHY, ETC. NOTE | |
| Bibliography, etc | References, & index included |
| 650 ## - SUBJECT ADDED ENTRY--TOPICAL TERM | |
| Topical term or geographic name as entry element | Mental health |
| 9 (RLIN) | 3237 |
| 650 ## - SUBJECT ADDED ENTRY--TOPICAL TERM | |
| Topical term or geographic name as entry element | Psychiatry |
| 9 (RLIN) | 351 |
| 942 ## - ADDED ENTRY ELEMENTS (KOHA) | |
| Source of classification or shelving scheme | Other/Generic Classification Scheme |
| Koha item type | Open Shelf |
| Withdrawn status | Lost status | Source of classification or shelving scheme | Damaged status | Not for loan | Home library | Current library | Date acquired | Source of acquisition | Inventory number | Total Checkouts | Full call number | Barcode | Date last seen | Koha item type |
|---|---|---|---|---|---|---|---|---|---|---|---|---|---|---|
| Other/Generic Classification Scheme | MUST Main Library | MUST Main Library | 17/01/2017 | 11/33108 | WM270 D85p 2010 | 2017-0028 | 17/01/2017 | Open Shelf |
